| 000 | 00881nam a22002655a 4500 | ||
|---|---|---|---|
| 003 | EG-ScBUE | ||
| 005 | 20220405105901.0 | ||
| 008 | 110330s1925 ua f 000 e ara d | ||
| 017 | _a1951/3002 | ||
| 040 |
_aEG-ScBUE _bara _erda _cEG-ScBUE _dEG-ScBUE |
||
| 082 | 0 | 4 |
_a892.746 _bح س ي _222 |
| 100 | 1 |
_aحسين، طه، _d1889-1973، _eمؤلف. |
|
| 245 | 1 | 0 |
_aحديث الأربعاء. _n1 / _cطه حسين. |
| 264 | 1 |
_aالقاهرة : _bدار المعارف، _c1925. |
|
| 300 |
_a259 صفحة ؛ _c24 سم |
||
| 336 |
_2rdacontent _aنص _btxt |
||
| 337 |
_2rdamedia _aبدون وسيط _bn |
||
| 338 |
_2rdacarrier _aمجلد _bnc |
||
| 590 | _aMenna Elemam | ||
| 650 | 7 |
_aالأدب العربي _xمقالات ومحاضرات. _2BUEsh |
|
| 651 | _2BUEsh | ||
| 653 |
_bARALIT _cAugust2015 |
||
| 655 |
_vReading book _934232 |
||
| 942 |
_cBB _k892.746 ح س ي _2ddc |
||
| 999 |
_c5441 _d5441 |
||